Adult Medical Surgical Nursing (Record no. 1804)

MARC details
000 -LEADER
Fixed length control field 00751nam a22002537a 4500
003 - CONTROL NUMBER IDENTIFIER
Control field IIN
005 - DATE AND TIME OF LATEST TRANSACTION
Control field 20250507104641.0
008 - FIXED-LENGTH DATA ELEMENTS--GENERAL INFORMATION
Fixed length control field 250507s2024 |||ad||| |||| 001 0 eng d
020 ## - INTERNATIONAL STANDARD BOOK NUMBER / ISBN
International Standard Book Number 9789386896674
Price Rs.1350.00
040 ## - CATALOGING SOURCE
Original cataloging agency IIN
082 ## - DEWEY DECIMAL CLASSIFICATION NUMBER
Classification number 610.72699
Book Number VAT
100 ## - MAIN ENTRY--PERSONAL NAME
Personal name Vati, Jogindra
245 ## - TITLE STATEMENT
Title Adult Medical Surgical Nursing
Sub title with Integrated Pathophysiology/
Statement of responsibility Jogindra Vati, Prabhjot Kaur & Lakhwinder Kaur
260 ## - IMPRINT
Place of publication Punjab
Name of publisher Lotus
Date of publication 2024
300 ## - PHYSICAL DESCRIPTION
Page / Vol. No 1078 [xxxix] p./ vol.1
Other physical details ill.
500 ## - GENERAL NOTE
General note Includes Index
500 ## - GENERAL NOTE
General note Includes Appendices
500 ## - GENERAL NOTE
General note Includes Glossary
650 ## - SUBJECT ADDED ENTRY--TOPICAL TERM
Topical term Adult Health
Form subdivision Nursing
650 ## - SUBJECT ADDED ENTRY--TOPICAL TERM
Topical term Medical Surgical
Form subdivision Nursing
700 ## - ADDED ENTRY--PERSONAL NAME
Personal name Kaur, Prabhjot
700 ## - ADDED ENTRY--PERSONAL NAME
Personal name Kaur, Lakhwinder
942 ## - ADDED ENTRY ELEMENTS (KOHA)
Koha item type Books
Holdings
Withdrawn status Lost status Source of classification Damaged status Not for loan Collection code Home library Current library Shelving location Date acquired Price Total Checkouts Call number Accession number Date last seen Copy number Price effective from Koha item type
    Dewey Decimal Classification     Purches Book IDEAL INSTITUTE OF NURSING IDEAL INSTITUTE OF NURSING General Stacks 11/03/2025 1350.00   610.72699 VAT 1998 07/05/2025 vol.1 07/05/2025 Books
© Ideal Institute Of Nursing, All rights reserved.         Powered by Koha